[Event "Leipzig VfB op 23rd"]
[Site "Leipzig"]
[Date "2016.03.16"]
[Round "3"]
[White "Krajinski, Lutz"]
[Black "Barbara, Thierry"]
[Result "1-0"]
[WhiteElo "1687"]
[BlackElo "1526"]
[PlyCount "93"]
[EventDate "2016.03.15"]
[EventType "swiss"]
[EventRounds "9"]
[EventCountry "GER"]
[SourceTitle "EXT 2017"]
[Source "ChessBase"]
[SourceDate "2016.10.25"]
[SourceVersion "1"]
[SourceVersionDate "2016.10.25"]
[SourceQuality "1"]

1. d4 Nf6 2. c4 e6 3. Nc3 Bb4 4. Nf3 Ne4 5. Qc2 f5 6. Nd2 Nf6 7. f3 0-0 8. e3 d6 9. Bd3 Bxc3 10. Qxc3 d5 11. 0-0 b6 12. e4 dxe4 13. fxe4 Ng4 14. h3 Ne3 15. Re1 f4 16. Nf3 Bb7 17. Bxe3 fxe3 18. Rxe3 Qe7 19. Rae1 Nd7 20. Bc2 c5 21. d5 e5 22. Rf1 Rae8 23. Ree1 Qd6 24. Ba4 Bc8 25. Qe3 Re7 26. Rf2 Nf6 27. Ref1 Nh5 28. Nh4 Nf4 29. Kh2 Ref7 30. Qg3 Qh6 31. Bd1 g5 32. Nf3 Qf6 33. Qxg5+ Qxg5 34. Nxg5 Rg7 35. Nf3 Re8 36. Nh4 Nd3 37. Rd2 Nf4 38. Nf3 Nh5 39. g4 Nf4 40. Nh4 Ba6 41. b3 b5 42. Nf5 Rg6 43. d6 bxc4 44. d7 Rd8 45. Ne7+ Kf7 46. Nxg6 Kxg6 47. Rd6+ 1-0